| 000 | 00705nam a2200217Ii 4500 | ||
|---|---|---|---|
| 001 | 15060 | ||
| 003 | CO-ViMGA | ||
| 008 | 241108s9999||||xx |||||||||||||| ||und|| | ||
| 020 | _a9789588454016 | ||
| 040 |
_aCO-ViMGA _bspa _erda _cCO-ViMGA |
||
| 041 | 0 | _aspa | |
| 082 | 0 | 4 | _a972.9106421 V15 |
| 100 | 1 |
_aFIDEL CASTRO RUIZ _946878 |
|
| 245 | 1 | 0 |
_a36 horas con dos personajes de la historia : _bFidel Castro y la revolución cubana : notas de testimonio |
| 264 | 1 | _aBogotá, Colombia : Ediciones Desde Abajo, 2008 | |
| 300 | _avolumen | ||
| 336 |
_atext _btxt _2rdacontent |
||
| 337 |
_aunmediated _bn _2rdamedia |
||
| 338 |
_avolume _bnc _2rdacarrier |
||
| 940 | _aidficha_siabuc: 14749. -- ficha_no_siabuc:15060 | ||
| 999 |
_c41453 _d41453 |
||